00275 a2200109 4500001000700000020000600007040001100013100002300024240005700047245005200104362000900156167119 a  cMagnum aCerteau, Michel de10aA invencao do cotidiano - v.2 - morar, cozinharlpor10aA invencao do cotidiano - v.2 - morar, cozinhar0 a1899